Lean Brown Men (Record no. 187499)
[ view plain ]
| 000 -LEADER | |
|---|---|
| fixed length control field | 00538 a2200169 4500 |
| 003 - CONTROL NUMBER IDENTIFIER | |
| control field | Nust |
| 005 - DATE AND TIME OF LATEST TRANSACTION | |
| control field | 20170207153514.0 |
| 040 ## - CATALOGING SOURCE | |
| Transcribing agency | Nust |
| 082 ## - DEWEY DECIMAL CLASSIFICATION NUMBER | |
| Classification number | 954 |
| 100 ## - MAIN ENTRY--PERSONAL NAME | |
| Personal name | Burt, Michael |
| 245 ## - TITLE STATEMENT | |
| Title | Lean Brown Men |
| Statement of responsibility, etc. | Michael Burt |
| 260 ## - PUBLICATION, DISTRIBUTION, ETC. | |
| Place of publication, distribution, etc. | London |
| Name of publisher, distributor, etc. | Ward Lock |
| 300 ## - PHYSICAL DESCRIPTION | |
| Extent | 314:p |
| 505 ## - FORMATTED CONTENTS NOTE | |
| Formatted contents note | Foreword by Field Marshal the Lord Birdwood (Page-9) Moonrise at Fort Marjorie(Page-15) Mubarak Day (Page-115) Adrians Dream (Page-175) The Bent Banana (Page-207) Bumph (Page-259) |
| 538 ## - SYSTEM DETAILS NOTE | |
| System details note | Almirah No.62 Shelf No.2 |
| 650 ## - SUBJECT ADDED ENTRY--TOPICAL TERM | |
| Topical term or geographic name entry element | Indian History |
| 942 ## - ADDED ENTRY ELEMENTS (KOHA) | |
| Source of classification or shelving scheme | |
| Koha item type | Book |
| Withdrawn status | Lost status | Source of classification or shelving scheme | Damaged status | Not for loan | Collection code | Permanent Location | Current Location | Date acquired | Total Checkouts | Full call number | Barcode | Date last seen | Price effective from | Koha item type |
|---|---|---|---|---|---|---|---|---|---|---|---|---|---|---|
| Military College of Signals (MCS) | Military College of Signals (MCS) | 12/12/2016 | 954 BUR | MCS29861 | 12/08/2016 | 12/12/2016 | Book |
